Sports Quiz

Random Sports or World Quiz

Years the Cardinals Won the World Series Quiz Stats

Quiz not verified by Sporcle

Challenge
Share
Tweet
Embed
Score 0/10 Timer 01:00
0 Plays Today
% Correct
2006
97.4%
1982
94.2%
1944
89.7%
1964
89.7%
1942
89.1%
1946
88.5%
1967
88.5%
1934
87.2%
1931
85.3%
1926
84%

You're not logged in!

Compare scores with friends on all Sporcle quizzes.
Join for Free
OR
Log In

You Might Also Like...

Show Comments

Extras

Top Quizzes Today


Score Distribution

Your Account Isn't Verified!

In order to create a playlist on Sporcle, you need to verify the email address you used during registration. Go to your Sporcle Settings to finish the process.

Report this User

Report this user for behavior that violates our Community Guidelines.

Details: